<?xml version="1.0" encoding="UTF-8"?>
<record
    xmlns:xsi="http://www.w3.org/2001/XMLSchema-instance"
    xsi:schemaLocation="http://www.loc.gov/MARC21/slim http://www.loc.gov/standards/marcxml/schema/MARC21slim.xsd"
    xmlns="http://www.loc.gov/MARC21/slim">

  <leader>00948nam a22002297a 4500</leader>
  <controlfield tag="005">2011072608268.0</controlfield>
  <datafield tag="010" ind1=" " ind2=" ">
    <subfield code="a">441244</subfield>
  </datafield>
  <datafield tag="020" ind1=" " ind2=" ">
    <subfield code="a">8123722060</subfield>
    <subfield code="c">55.00</subfield>
  </datafield>
  <datafield tag="035" ind1=" " ind2=" ">
    <subfield code="a">441244</subfield>
  </datafield>
  <datafield tag="037" ind1=" " ind2=" ">
    <subfield code="b">National Book Trust </subfield>
  </datafield>
  <datafield tag="082" ind1=" " ind2=" ">
    <subfield code="a">745.0954</subfield>
  </datafield>
  <datafield tag="100" ind1=" " ind2=" ">
    <subfield code="a">Dhamija, Jasleen </subfield>
    <subfield code="9">30581</subfield>
  </datafield>
  <datafield tag="245" ind1=" " ind2=" ">
    <subfield code="a">Indian folk arts and crafts / </subfield>
    <subfield code="c">by Jasleen Dhamija </subfield>
  </datafield>
  <datafield tag="260" ind1=" " ind2=" ">
    <subfield code="a">New Delhi</subfield>
    <subfield code="b">National Book Trust</subfield>
    <subfield code="c">1992 </subfield>
  </datafield>
  <datafield tag="270" ind1=" " ind2=" ">
    <subfield code="a">Nehru Bhawan, 5 Institutional Area, Phase-II, Vasant Kunj</subfield>
    <subfield code="b">New Delhi</subfield>
    <subfield code="e">110070</subfield>
  </datafield>
  <datafield tag="300" ind1=" " ind2=" ">
    <subfield code="a">101p</subfield>
    <subfield code="c">26cm(pbk) </subfield>
  </datafield>
  <datafield tag="490" ind1=" " ind2=" ">
    <subfield code="a">India-the land and the people</subfield>
    <subfield code="9">30582</subfield>
  </datafield>
  <datafield tag="700" ind1=" " ind2=" ">
    <subfield code="9">5645</subfield>
  </datafield>
  <datafield tag="942" ind1=" " ind2=" ">
    <subfield code="2">ddc</subfield>
    <subfield code="c">EN</subfield>
    <subfield code="m">DHA</subfield>
    <subfield code="h">745.0954</subfield>
  </datafield>
  <datafield tag="999" ind1=" " ind2=" ">
    <subfield code="c">54366</subfield>
    <subfield code="d">54366</subfield>
  </datafield>
  <datafield tag="952" ind1=" " ind2=" ">
    <subfield code="0">0</subfield>
    <subfield code="1">0</subfield>
    <subfield code="4">0</subfield>
    <subfield code="7">0</subfield>
    <subfield code="8">NFIC</subfield>
    <subfield code="a">L</subfield>
    <subfield code="b">L</subfield>
    <subfield code="d">2011-08-01</subfield>
    <subfield code="e">Allied Publishers/CR/0000056/20.4.11/85/24.3.11/10.6.11</subfield>
    <subfield code="g">55.00</subfield>
    <subfield code="l">1</subfield>
    <subfield code="o">745.0954 DHA</subfield>
    <subfield code="p">B-441244</subfield>
    <subfield code="r">2018-06-07 00:00:00</subfield>
    <subfield code="s">2018-05-24</subfield>
    <subfield code="t">1</subfield>
    <subfield code="v">55.00</subfield>
    <subfield code="w">2011-08-01</subfield>
    <subfield code="y">EN</subfield>
  </datafield>
</record>
